India's foreign policy : (Record no. 14304)

MARC details
000 -LEADER
fixed length control field 00870nam a22002417a 4500
005 - DATE AND TIME OF LATEST TRANSACTION
control field 20080708152641.0
008 - FIXED-LENGTH DATA ELEMENTS--GENERAL INFORMATION
fixed length control field 080708t xxu||||| |||| 00| 0 eng d
010 ## - LIBRARY OF CONGRESS CONTROL NUMBER
LC control number ENG-90497
020 ## - INTERNATIONAL STANDARD BOOK NUMBER
International Standard Book Number 8189901639
Terms of availability 750.00
035 ## - SYSTEM CONTROL NUMBER
System control number EN-74030
037 ## - SOURCE OF ACQUISITION
Source of stock number/acquisition DBAD / PUB
040 ## - CATALOGING SOURCE
Original cataloging agency DPL
Language of cataloging EN
082 ## - DEWEY DECIMAL CLASSIFICATION NUMBER
Classification number 327.10954
245 ## - TITLE STATEMENT
Title India's foreign policy :
Remainder of title continuity and change
260 ## - PUBLICATION, DISTRIBUTION, ETC. (IMPRINT)
Place of publication, distribution, etc Delhi
Name of publisher, distributor, etc Academic Excellence
Date of publication, distribution, etc 2008
260 ## - PUBLICATION, DISTRIBUTION, ETC. (IMPRINT)
Place of publication, distribution, etc Delhi
Name of publisher, distributor, etc World Focus
Date of publication, distribution, etc 2008
270 ## - ADDRESS
Address 42, Ekta Apartments, Geeta Colony,
City Delhi
Postal code 110031
300 ## - PHYSICAL DESCRIPTION
Extent vi, 309p.
Dimensions 22 cm (Hb)
490 ## - SERIES STATEMENT
Series statement World focus series; 2
500 ## - GENERAL NOTE
General note Includes index
942 ## - ADDED ENTRY ELEMENTS (KOHA)
Source of classification or shelving scheme Dewey Decimal Classification
Koha item type English Books
Classification part 327.10954
Call number suffix IND
Holdings
Withdrawn status Lost status Damaged status Not for loan Collection code Home library Current library Date acquired Source of acquisition Cost, normal purchase price Total Checkouts Full call number Barcode Date last seen Copy number Cost, replacement price Price effective from Koha item type
      Not For Loan Non-fiction D.B.Act.Division D.B.Act.Division 08/07/2008 DBAD / PUB 750.00   327.10954 IND EN-74030 15/09/2008 1 750.00 15/09/2008 English Books

© Delhi Public Library
Hit Counter
free hit counter